NFL Players College #1 - Statistics

General Stats
  • This quiz has been taken 161 times
  • The average score is 11 of 15
Answer Stats
Player Answer % Correct
Colt McCoy Texas
99%
Patrick Mahomes Texas Tech
99%
Trevor Lawrence Clemson
97%
Baker Mayfield Oklahoma
96%
Jameis Winston Florida State
95%
Lamar Jackson Louisville
94%
Robert Griffin III Baylor
88%
Matt Ryan Boston College
84%
Le'Veon Bell MSU
76%
Aaron Donald Pittsburgh
76%
Randy Moss Marshall
73%
Calvin Johnson Georgia Tech
69%
Willis McGahee Miami (FL)
38%
Trevone Boykin TCU
36%
Giovani Bernard UNC
24%
No matching quizzes found
Score Distribution
Percent of People with Each Score
Percentile by Number Answered
Your Score History
You have not taken this quiz